[Event "VIE-ch (Women)"]
[Site "Vietnam"]
[Date "2016.04.29"]
[Round "4"]
[White "Ton, Nu Hong An"]
[Black "Ha, Phuong Hoang Mai"]
[Result "1-0"]
[WhiteElo "1977"]
[BlackElo "1661"]
[PlyCount "111"]
[EventDate "2016.04.27"]
[EventType "swiss"]
[EventRounds "9"]
[EventCountry "VIE"]
[SourceTitle "CBM 172 Extra"]
[Source "ChessBase"]
[SourceDate "2016.06.21"]
[SourceVersion "1"]
[SourceVersionDate "2016.06.21"]
[SourceQuality "1"]

1. d4 d5 2. c4 e6 3. Nc3 Nf6 4. Nf3 b6 5. cxd5 Nxd5 6. e4 Nf6 7. Bd3 Be7 8. 0-0 0-0 9. Bg5 Bb7 10. Rc1 Nbd7 11. e5 Ne8 12. Bxe7 Qxe7 13. Re1 c5 14. Be4 Bxe4 15. Rxe4 f6 16. d5 Rd8 17. exf6 Ndxf6 18. Rxe6 Qxe6 19. dxe6 Rxd1+ 20. Rxd1 Nc7 21. e7 Re8 22. Ne5 Rxe7 23. Nc6 Re6 24. Nxa7 Kf7 25. f3 h6 26. Kf2 g5 27. Nc8 Rc6 28. Nd6+ Ke6 29. Nc4 Ke7 30. a4 Na6 31. Re1+ Kf8 32. Ne5 Rd6 33. Rd1 Re6 34. Nd7+ Ke7 35. Nxf6 Kxf6 36. Rd7 Ke5 37. Ke3 Nb4 38. Ne4 Nc2+ 39. Kd2 Nd4 40. Kd3 Nf5 41. g3 Nd4 42. Rf7 Kd5 43. Nc3+ Kc6 44. Kc4 Nc2 45. f4 Ne3+ 46. Kd3 Ng4 47. Rh7 gxf4 48. gxf4 Nxh2 49. f5 Rd6+ 50. Ke3 Ng4+ 51. Kf3 Ne5+ 52. Ke4 Nc4 53. Nb5 Nd2+ 54. Kf4 Rd3 55. Rc7+ Kd5 56. Rd7+ 1-0

[Event "VIE-ch (Women)"]
[Site "Hanoi"]
[Date "2016.??.??"]
[Round "4"]
[White "Le, Thanh Tu"]
[Black "Ton, Nu Hong An"]
[Result "1-0"]
[WhiteElo "2271"]
[BlackElo "1946"]
[PlyCount "70"]
[EventDate "2016.11.10"]
[EventType "swiss"]
[EventRounds "9"]
[EventCountry "VIE"]
[SourceTitle "EXT 2018"]
[Source "ChessBase"]
[SourceDate "2017.10.13"]
[SourceVersion "1"]
[SourceVersionDate "2017.10.13"]
[SourceQuality "1"]

1. d4 Nf6 2. c4 e6 3. g3 Be7 4. Bg2 d5 5. Nf3 0-0 6. 0-0 b6 7. Nc3 Bb7 8. Ne5 c6 9. e4 dxe4 10. Nxe4 Nxe4 11. Bxe4 Qc7 12. Bf4 Bd6 13. Re1 Nd7 14. c5 Bxe5 15. Bxe5 Nxe5 16. dxe5 Rad8 17. Qc2 g6 18. Rac1 Rd4 19. h4 Rfd8 20. h5 Kg7 21. Qc3 bxc5 22. Qf3 Qe7 23. Kg2 Rd2 24. Rh1 h6 25. hxg6 fxg6 26. Rxh6 Kxh6 27. Qe3+ Kg7 28. Rh1 Kg8 29. Rh6 R2d7 30. Rxg6+ Kh8 31. Rf6 Kg8 32. Qg5+ Qg7 33. Rg6 Rf8 34. Qh6 Re8 35. Rxg7+ Rxg7 1-0

[Event "VIE-ch (Women)"]
[Site "Hanoi"]
[Date "2016.??.??"]
[Round "1"]
[White "Nguyen, Thi Thanh An"]
[Black "Ton, Nu Hong An"]
[Result "1/2-1/2"]
[WhiteElo "2283"]
[BlackElo "1946"]
[PlyCount "45"]
[EventDate "2016.11.10"]
[EventType "swiss"]
[EventRounds "9"]
[EventCountry "VIE"]
[SourceTitle "EXT 2018"]
[Source "ChessBase"]
[SourceDate "2017.10.13"]
[SourceVersion "1"]
[SourceVersionDate "2017.10.13"]
[SourceQuality "1"]

1. Nf3 Nf6 2. c4 e6 3. Nc3 d5 4. d4 b6 5. Bg5 Be7 6. e3 0-0 7. Rc1 Bb7 8. Bxf6 Bxf6 9. cxd5 exd5 10. Bd3 c5 11. 0-0 Nc6 12. dxc5 d4 13. exd4 Nxd4 14. Nxd4 Bxd4 15. c6 Bxc6 16. Ne2 Bc5 17. b4 Qd5 18. Nf4 Qd6 19. Rc4 Bxb4 20. Rd4 Qc5 21. Rc4 Qd6 22. Rd4 Qc5 23. Rc4 1/2-1/2